000 00755nam a2200205Ia 4500
001 16912
003 GE_BSU
008 181216s||||||||xx |||||||||||||| ||und||
040 _cGE_BSU
100 _aდადიანი, შალვა
245 _aჩემი მარაო. მოგონებანი, სიტყვები და წერილები.
245 _cრედ.ს. ჭილაია
260 _aთბილისი
260 _bსაბლიტგამი
260 _c1948
300 _a180გვ. ; 20სმ
653 _aმოთხრობები
653 _aჩემი მარაო. მოგონებანი, სიტყვები და წერილები.
942 _cBK
999 _c49976
_d49976